[Event "Benidorm Bali op-A"]
[Site "Benidorm"]
[Date "2023.12.03"]
[Round "3"]
[White "Ishvi, Aggarwal"]
[Black "Solodovnichenko, Yuri"]
[Result "1/2-1/2"]
[WhiteElo "1774"]
[BlackElo "2486"]
[PlyCount "95"]
[EventDate "2023.12.01"]
[EventType "swiss"]
[EventRounds "9"]
[EventCountry "ESP"]
[SourceTitle "CB50_2023"]
[SourceDate "2023.12.13"]
[SourceVersion "1"]
[SourceVersionDate "2023.12.13"]
[SourceQuality "1"]

1. d4 g6 2. c4 Bg7 3. g3 c5 4. d5 d6 5. Bg2 b5 6. cxb5 a6 7. bxa6 Nf6 8. Nc3 0-0 9. Nf3 Nxa6 10. 0-0 Bf5 11. Ne1 Qb6 12. e4 Bd7 13. Nc2 Nb4 14. h3 Rfb8 15. Nxb4 Qxb4 16. Rb1 Ne8 17. Bd2 Ba4 18. Qc1 Bb5 19. a3 Qb3 20. Nxb5 Rxb5 21. Bc3 Rab8 22. Bxg7 Kxg7 23. Re1 Nf6 24. Bf1 R5b7 25. Re3 Qa4 26. Bc4 Nd7 27. b3 Qa5 28. a4 Rb4 29. Bb5 Nf6 30. Qc3 Kg8 31. Rc1 Qa7 32. Rce1 Rd4 33. Kg2 h5 34. f4 Qc7 35. Bc4 Rb4 36. Kh2 Kh7 37. e5 Nxd5 38. Bxd5 Rxd5 39. exd6 Qxd6 40. Rxe7 Rd2+ 41. Kg1 Rbd4 42. Rxf7+ Kg8 43. Qe3 Kxf7 44. Qe8+ Kf6 45. Qh8+ Kf7 46. Qe8+ Kf6 47. Qh8+ Kf7 48. Qe8+ 1/2-1/2

[Event "Cap d'Agde op 21st"]
[Site "Cap d'Agde"]
[Date "2023.11.01"]
[Round "6"]
[White "Solodovnichenko, Yuri"]
[Black "Girel, Joseph"]
[Result "1/2-1/2"]
[WhiteElo "2507"]
[BlackElo "2494"]
[PlyCount "64"]
[EventDate "2023.10.28"]
[EventType "swiss"]
[EventRounds "9"]
[EventCountry "FRA"]
[SourceTitle "Mega2024 Update 01"]
[Source "Chessbase"]
[SourceDate "2023.11.12"]
[SourceVersion "1"]
[SourceVersionDate "2023.11.12"]
[SourceQuality "1"]

1. e4 c5 2. Nf3 Nc6 3. Bb5 e6 4. 0-0 Nge7 5. d4 cxd4 6. Nxd4 Ng6 7. c3 Be7 8. Be3 0-0 9. Nd2 a6 10. Bd3 b5 11. f4 e5 12. fxe5 Ncxe5 13. Bc2 Bg5 14. Bxg5 Qxg5 15. N2f3 Nxf3+ 16. Nxf3 Qc5+ 17. Qd4 d6 18. b4 Qxd4+ 19. Nxd4 Ne5 20. Bb3 Ra7 21. Rad1 Rc7 22. Nf5 Be6 23. Rxd6 Bxb3 24. axb3 g6 25. Ne3 Rxc3 26. Nd5 Rxb3 27. Rxa6 Kg7 28. Ra7 Rb2 29. Rf2 Rb1+ 30. Rf1 Rb2 31. Rf2 Rb1+ 32. Rf1 Rb2 1/2-1/2

[Event "Cap d'Agde op 21st"]
[Site "Cap d'Agde"]
[Date "2023.10.30"]
[Round "4"]
[White "Solodovnichenko, Yuri"]
[Black "Vlachos, Anatole"]
[Result "1/2-1/2"]
[WhiteElo "2507"]
[BlackElo "2443"]
[PlyCount "78"]
[EventDate "2023.10.28"]
[EventType "swiss"]
[EventRounds "9"]
[EventCountry "FRA"]
[SourceTitle "Mega2024 Update 01"]
[Source "Chessbase"]
[SourceDate "2023.11.12"]
[SourceVersion "1"]
[SourceVersionDate "2023.11.12"]
[SourceQuality "1"]

1. e4 c6 2. d4 d5 3. exd5 cxd5 4. Bd3 Nc6 5. c3 e6 6. Nf3 Bd6 7. 0-0 Nge7 8. Re1 0-0 9. b3 Ng6 10. Ba3 a6 11. Bxd6 Qxd6 12. Bxg6 hxg6 13. Qd3 Qf4 14. Nbd2 Bd7 15. b4 Rfc8 16. a4 b6 17. Re3 Qf5 18. Qe2 Qc2 19. Ne1 Qb2 20. Qd1 Ne7 21. Nd3 Qxc3 22. Nc5 Qxd4 23. Nxd7 Nf5 24. Re1 Rc7 25. Ne5 Qxb4 26. Rb1 Qd6 27. Ndf3 g5 28. Nxg5 f6 29. Nxe6 Qxe6 30. Nc4 Qf7 31. Nxb6 Rd8 32. Qd3 Qg6 33. Nxd5 Rcd7 34. Nf4 Rxd3 35. Nxg6 R3d4 36. g3 Rxa4 37. Rb7 Kh7 38. Ne7 Re8 39. Kf1 Rd8 1/2-1/2

[Event "Cap d'Agde op 21st"]
[Site "Cap d'Agde"]
[Date "2023.10.29"]
[Round "3"]
[White "Jolly, Jean Francois"]
[Black "Solodovnichenko, Yuri"]
[Result "0-1"]
[WhiteElo "2389"]
[BlackElo "2507"]
[PlyCount "52"]
[EventDate "2023.10.28"]
[EventType "swiss"]
[EventRounds "9"]
[EventCountry "FRA"]
[SourceTitle "Mega2024 Update 01"]
[Source "Chessbase"]
[SourceDate "2023.11.12"]
[SourceVersion "1"]
[SourceVersionDate "2023.11.12"]
[SourceQuality "1"]

1. e4 c5 2. Nf3 e6 3. d4 cxd4 4. Nxd4 Nf6 5. Nc3 d6 6. Be3 a6 7. Be2 Nc6 8. 0-0 Be7 9. f4 0-0 10. Kh1 Bd7 11. a4 Qc7 12. Nb3 b6 13. g4 d5 14. e5 Ne4 15. Nxe4 dxe4 16. c3 Rfd8 17. Qe1 Na5 18. Nd2 Bc5 19. Bxc5 bxc5 20. Nxe4 Rab8 21. Bf3 Rxb2 22. Rd1 Bxa4 23. Rxd8+ Qxd8 24. Nxc5 Bc6 25. Bxc6 Nxc6 26. c4 Qd4 0-1